|
|
|
|
| LEADER |
00000naa a2200000uu 4500 |
| 001 |
vtls011082496 |
| 003 |
SK-MaSNL |
| 005 |
20260302112558.0 |
| 008 |
210905|1996 xo |||||||||||||||||ger| |
| 015 |
|
|
|a SNBRA
|
| 035 |
|
|
|a (urnnbn)urn:nbn:sk:snk:ar-a0cjoi
|
| 035 |
|
|
|a (uuid)32d6fb19-c7bf-4ce4-ad44-a8e465eaa350
|
| 035 |
|
|
|a urn:nbn:sk:snk-aavpn2
|
| 040 |
|
|
|a SNKBUCL
|b slo
|c SNKBUCL
|e AACR2
|
| 041 |
0 |
|
|a ger
|
| 044 |
|
|
|a xo
|c SK
|
| 100 |
1 |
|
|a P.H.OSANNA
|4 aut
|9 791725
|
| 245 |
1 |
0 |
|a OBERFLÄCHENBEWERTUNG - ABBOTTKURVE, EIN NEUVES VERFAHREN
|c P.H.OSANNA, A. JANAC, D. PROSTREDNIK
|
| 700 |
1 |
|
|a Janac, A.
|4 aut
|9 213706
|
| 700 |
1 |
|
|a Prostrednik, D.
|4 aut
|9 782725
|
| 773 |
0 |
|
|t CO-MAT-TECH '96
|d V Trnave : Slovenská technická univerzita, Materiálovotechnologická fakulta, 1996
|g S. 275-280
|z 8022709018
|
| 958 |
|
|
|a OND
|
| 958 |
|
|
|a article12
|
| 958 |
|
|
|a chapter
|
| 999 |
|
|
|c 1252421
|d 1254351
|